Harry Potter - 12 personnages - Statistiques

Statistiques générales
  • Ce quiz a été pris 45 fois
  • Le résultat moyen est 6 sur 12
Statistiques - réponses
Indication Personnage % Correct
Parrain de Harry Potter Sirius Black
90%
A tué Bellatrix Lestrange Molly Weasley
83%
A perdu une oreille George Weasley
78%
Fleur Delacour prend son apparence en buvant du Polynectar Harry Potter
73%
Personne qui présente Harry à Olivier Dubois Minerva Mcgonagall
71%
Quelqu'un de farceur qui est terrifié par le Baron Sanglant Peeves
61%
Possède un boursouflet du nom de Arnold Ginny Weasley
51%
Voisine Cracmol de Harry Arabella Figg
34%
Ron tombe amoureux d'elle après avoir mangé des chocolats Romilda Vane
34%
Professeur d'astronomie Aurora Sinistra
29%
Fais les commentaires de la Coupe du Monde de Quidditch Ludo Verpey
24%
Marche les pieds écartés et le dos en rond Viktor Krum
7%
Aucun quiz correspondant
Distribution des résultats
% des personnes avec chaque résultat
Percentile par nombre de réponses
Votre historique - résultats
Vous n’avez pas pris ce quiz